O ouro de Deus em minha mão / (Registro nro. 23359)

Detalles MARC
000 -LEADER
campo de control de longitud fija 01584cam a22003734i 4500
003 - IDENTIFICADOR DE NÚMERO DE CONTROL
campo de control PE-LiUPU
005 - FECHA Y HORA DE LA ÚLTIMA TRANSACCIÓN
campo de control 20250822091007.0
008 - DATOS DE LONGITUD FIJA--INFORMACIÓN GENERAL
campo de control de longitud fija 1988s1988 br a rb 000 0 por d
020 ## - NÚMERO INTERNACIONAL ESTÁNDAR DEL LIBRO
ISBN cancelado o inválido [Sin ISBN]
035 ## - NÚMERO DE CONTROL DEL SISTEMA
Número de control de sistema PE-LiUPU46597
040 ## - FUENTE DE CATALOGACIÓN
Centro catalogador/agencia de origen PE-LiUPU
Lengua de catalogación por
Centro/agencia transcriptor PE-LiUPU
Normas de descripción rda
041 1# - CÓDIGO DE IDIOMA
Código de lengua del texto/banda sonora o título independiente por
Código de lengua original eng
082 04 - NÚMERO DE LA CLASIFICACIÓN DECIMAL DEWEY
Número de clasificación 248.4
Cutter R292o
Número de edición 23
100 ## - ENTRADA PRINCIPAL--NOMBRE DE PERSONA
Nombre de persona Rebok, Denton E.,
Término indicativo de función/relación autor.
9 (RLIN) 6695
240 10 - TÍTULO UNIFORME
Título uniforme God's gold in my hand.
Lenguaje de la obra Portugués
245 10 - MENCIÓN DEL TÍTULO
Título O ouro de Deus em minha mão /
Mención de responsabilidad, etc. por Denton E. Rebok.
264 #1 - PRODUCCIÓN, PUBLICACIÓN, DISTRIBUCIÓN, FABRICACIÓN Y COPYRIGHT
Producción, publicación, distribución, fabricación y copyright Tatuí, SP :
Nombre del de productor, editor, distribuidor, fabricante Casa Publicadora Brasileira,
Fecha de producción, publicación, distribución, fabricación o copyright 1988.
300 ## - DESCRIPCIÓN FÍSICA
Extensión 117 páginas :
Otras características físicas ilustraciones ;
Dimensiones 20 cm
336 ## - TIPO DE CONTENIDO
Término de tipo de contenido text
Fuente rdacontent
337 ## - TIPO DE MEDIO
Nombre/término del tipo de medio unmediated
Fuente rdamedia
338 ## - TIPO DE SOPORTE
Nombre/término del tipo de soporte volume
Fuente rdacarrier
500 ## - NOTA GENERAL
Nota general Traducción del original en inglés: "God's gold in my hand".
504 ## - NOTA DE BIBLIOGRAFÍA, ETC.
Nota de bibliografía, etc. Incluye apéndice.
505 0# - NOTA DE CONTENIDO CON FORMATO
Nota de contenido con formato Pergunte a Alguém Que Sabe -- Provando as Promessas de Deus -- Deus e Seu Ouro -- Meu Deus e Meu Ouro -- O Plano de Deus Para o Homem -- Que Há em Minha Mão? -- Faça uma Prova -- Vale a Pena Ser Fiel -- Apêndice.
546 ## - NOTA DE IDIOMA
Nota de lengua/lenguaje Texto en portugués, traducido del inglés.
650 14 - PUNTO DE ACCESO ADICIONAL DE MATERIA--TÉRMINO DE MATERIA
Término de materia o nombre geográfico como elemento de entrada Mayordomía cristiana
Subdivisión general Aspectos bíblicos.
9 (RLIN) 6696
650 20 - PUNTO DE ACCESO ADICIONAL DE MATERIA--TÉRMINO DE MATERIA
Término de materia o nombre geográfico como elemento de entrada Diezmos y ofrendas
Subdivisión general Doctrina cristiana.
9 (RLIN) 6697
650 14 - PUNTO DE ACCESO ADICIONAL DE MATERIA--TÉRMINO DE MATERIA
Término de materia o nombre geográfico como elemento de entrada Fidelidad (Teología)
Subdivisión general Testimonios.
9 (RLIN) 6698
700 ## - ENTRADA AGREGADA--NOMBRE PERSONAL
Nombre de persona Waldvogel, Isolina A.,
Término indicativo de función/relación traductora.
9 (RLIN) 6699
710 ## - ENTRADA AGREGADA--NOMBRE DE ENTIDAD CORPORATIVA
Nombre de entidad corporativa o nombre de jurisdicción como elemento de entrada Casa Publicadora Brasileira,
Término indicativo de función/relación editor.
9 (RLIN) 6700
942 ## - ELEMENTOS DE ENTRADA SECUNDARIOS (KOHA)
Fuente del sistema de clasificación o colocación Clasificación Decimal Dewey
Tipo de ítem Koha Libros físicos
980 ## - EQUIVALENCIA O REFERENCIA-CRUZADA-MENCIÓN DE SERIE--NOMBRE DE PERSONA/TÍTULO [LOCAL, CANADÁ]
ID del último usuario que modificó el registro 18226
Nombre del último usuario que modificó el registro Jaime Vilcazán Jefe de Análisis Documental
Existencias
Visto por última vez Número de inventario Total de préstamos Signatura topográfica completa Código de barras Fecha del último préstamo Copia número Fecha de reemplazo Facultad Tipo de ítem Koha Nota pública Estado de pérdida Fuente del sistema de clasificación o colocación Restricciones de uso No para préstamo Colección Programa académico Biblioteca de origen Biblioteca actual Ubicación en estantería Fecha de adquisición Fuente de adquisición
2025-12-03 6 2 248.4 R292o 46597 2018-10-29 e1 2015-06-24 Teología Libros físicos inventario-2023-12-13 No Perdido Clasificación Decimal Dewey No restringido Disponible para préstamos Colección General Doctorado en teología Biblioteca CRAI UPeU Lima Biblioteca CRAI UPeU Lima Sala principal 2015-06-24 COMPRA